000 00855cab a2200217 4500
001 WB3010-49
008 090401t1994 xxu||||| |||| 00| 0 eng d
035 _a(Sirsi) u82906
041 _aeng
245 _aKey element in building confidence
260 _c1994
350 _a0
490 _aDoE News Release
_v(147) 7 March 1994 (4)
520 _aSir George Young has said that the HAMA scheme, Housing Associations as Managing Agents, which enables local authorities to work with housing associations to secure private rented sector accommodation for homeless households, is a key element in building confidence in the private rented sector.
650 _aHOUSING ASSOCIATIONS AS MANAGING AGENTS
650 _aHOUSING ASSOCIATIONS
650 _aPRIVATE RENTED SECTOR
690 _aBlock management
_96220
942 _n0
948 _c04/03/1997
999 _c52362
_d52362